Statistics for Assassin's Creed Games

Click here to take the quiz!

General Stats

  • This quiz has been taken 330 times
  • The average score is 11 of 17

Answer Stats

YearAnswer% Correct
2007Assassin's Creed
94%
2009Assassin's Creed II
92%
2013Assassin's Creed IV Black Flag
90%
2010Assassin's Creed Brotherhood
87%
2017Assassin's Creed Origins
87%
2012Assassin's Creed III
86%
2014Assassin's Creed Unity
85%
2015Assassin's Creed Syndicate
80%
2011Assassin's Creed Revelations
79%
2014Assassin's Creed Rogue
68%
2012Assassin's Creed III: Liberation
52%
2015Assassin's Creed Chronicles: China
49%
2016Assassin's Creed Chronicles: Russia
48%
2016Assassin's Creed Chronicles: India
47%
2009Assassin's Creed: Bloodlines
28%
2008Assassin's Creed: Altair's Chronicles
23%
2009Assassin's Creed II: Discovery
16%

Score Distribution

Percentile by Number Answered

Percent of People with Each Score

Your Score History

You have not taken this quiz